Best 100 Books of the Century - Statistics

General Stats
  • This quiz has been taken 207 times
  • The average score is 14 of 100
Answer Stats
Author Title % Correct
Suzanne Collins The Hunger Games
68%
Khaled Hosseini The Kite Runner
60%
Ian McEwan Atonement
59%
Cormac McCarthy The Road
45%
Yann Martel Life of Pi
44%
Donna Tartt The Goldfinch
44%
Gillian Flynn Gone Girl
40%
Markus Zusak The Book Thief
38%
Sally Rooney Normal People
37%
Kazuo Ishiguro Never Let Me Go
34%
Zadie Smith White Teeth
33%
Hilary Mantel Wolf Hall
33%
J.K. Rowling Harry Potter and the Deathly Hallows
29%
Hanya Yanagihara A Little Life
26%
Khaled Hosseini A Thousand Splendid Suns
26%
Madeline Miller Circe
26%
Madeline Miller The Song of Achilles
26%
Jeffrey Eugenides Middlesex
22%
David Mitchell Cloud Atlas
21%
Colson Whitehead The Underground Railroad
21%
Gabrielle Zevin Tomorrow, and Tomorrow, and Tomorrow
21%
Tara Westover Educated
19%
Jonathan Franzen The Corrections
19%
Barbara Kingsolver Demon Copperhead
18%
Anthony Doerr All the Light We Cannot See
16%
Ann Patchett Bel Canto
16%
Maggie O’Farrell Hamnet
16%
Percival Everett James
16%
Kazuo Ishiguro Klara and the Sun
16%
Min Jin Lee Pachinko
16%
Jennifer Egan A Visit From the Goon Squad
15%
Patti Smith Just Kids
15%
Ottessa Moshfegh My Year of Rest and Relaxation
15%
Colson Whitehead The Nickel Boys
15%
Chimamanda Ngozi Adichie Americanah
14%
Elena Ferrante (trans. Ann Goldstein) My Brilliant Friend
14%
Andy Weir Project Hail Mary
14%
Emily St. John Mandel Station Eleven
14%
Haruki Murakami (trans. Jay Rubin & Philip Gabriel) 1Q84
12%
Roberto Bolaño (trans. Natasha Wimmer) 2666
12%
Yuval Noah Harari Sapiens
12%
Ann Patchett Tom Lake
12%
Amor Towles A Gentleman in Moscow
11%
Susanna Clarke Piranesi
11%
Junot Díaz The Brief Wondrous Life of Oscar Wao
11%
Ann Patchett The Dutch House
11%
Richard Powers The Overstory
11%
Joan Didion The Year of Magical Thinking
11%
Delia Owens Where the Crawdads Sing
11%
Fredrik Backman (trans. Henning Koch) A Man Called Ove
10%
Isabel Wilkerson Caste
10%
Abraham Verghese Cutting for Stone
10%
Yaa Gyasi Homegoing
10%
Haruki Murakami (trans. Philip Gabriel) Kafka on the Shore
10%
Bonnie Garmus Lessons in Chemistry
10%
George Saunders Lincoln in the Bardo
10%
Ocean Vuong On Earth We’re Briefly Gorgeous
10%
Claire Keegan Small Things Like These
10%
Viet Thanh Nguyen The Sympathizer
10%
Ta-Nehisi Coates Between the World and Me
8%
Patrick Radden Keefe Say Nothing
8%
Michael Chabon The Amazing Adventures of Kavalier & Clay
8%
Kristin Hannah The Nightingale
8%
Tommy Orange There There
8%
Marilynne Robinson Gilead
7%
Kate Atkinson Life After Life
7%
Hernan Diaz Trust
7%
Stephen King 11/22/63
5%
Anthony Doerr Cloud Cuckoo Land
5%
Bernardine Evaristo Girl, Woman, Other
5%
Bryan Stevenson Just Mercy
5%
Colum McCann Let the Great World Spin
5%
Elizabeth Strout Olive Kitteridge
5%
Douglas Stuart Shuggie Bain
5%
Jesmyn Ward Sing, Unburied, Sing
5%
Paul Murray The Bee Sting
5%
Abraham Verghese The Covenant of Water
5%
Erik Larson The Devil in the White City
5%
David Grann Killers of the Flower Moon
4%
George Saunders Tenth of December
4%
N.K. Jemisin The Fifth Season
4%
Jeannette Walls The Glass Castle
4%
Amor Towles The Lincoln Highway
4%
Philip Roth The Plot Against America
4%
Brit Bennett The Vanishing Half
4%
Isabel Wilkerson The Warmth of Other Suns
4%
Robin Wall Kimmerer Braiding Sweetgrass
3%
Michelle Zauner Crying in H Mart
3%
Matthew Desmond Evicted
3%
Carmen Mario Machado In The Dream House
3%
Chanel Miller Know My Name
3%
Rebecca Makkai The Great Believers
3%
James McBride The Heaven & Earth Grocery Store
3%
Rebecca Skloot The Immortal Life of Henrietta Lacks
3%
Paul Kalanithi When Breath Becomes Air
3%
James McBride Deacon King Kong
1%
Olga Tokarczuk (trans. Antonia Lloyd-Jones) Driver Your Plow Over the Bones of the Dead
1%
Patrick Radden Keefe Empire of Pain
1%
Daniel Mason North Woods
1%
Shelby Van Pelt Remarkably Bright Creatures
1%
No matching quizzes found
Score Distribution
Percent of People with Each Score
Percentile by Number Answered
Your Score History
You have not taken this quiz